|
|
|
|
| LEADER |
00630nam a2200193 a 4500 |
| 001 |
000628274 |
| 003 |
CZ BrMZK |
| 005 |
20030224140850.0 |
| 007 |
ta |
| 008 |
021008s1924 xr f rus d |
| 040 |
|
|
|a BOA001
|b cze
|c BOA001
|
| 100 |
1 |
|
|a Birčak, Volodymyr,
|d 1881-1945
|7 js2006303617
|4 aut
|
| 245 |
1 |
0 |
|a Ruska čitanka dlja IV. kljasy gimnazijnoje i gorožanskich škol /
|c Volodimir Birčak
|
| 260 |
|
|
|a Praga :
|b Deržavne vydavnyctvo,
|c 1924
|
| 300 |
|
|
|a 276 s.
|
| 910 |
|
|
|a BOA001
|b 2-0061.729,4
|
| 990 |
|
|
|a BK
|
| 993 |
|
|
|a Y
|
| 996 |
6 |
|
|b BC-54569
|c 2-0061.729,4
|l MZK
|r Sklad / do 24 hodin
|n 0
|w 000628274
|u 000010
|a 1
|e BOA001
|j MZK50
|s P
|